Ο ρόλος των Η.Π.Α. στις Ελληνοτουρκικές σχέσεις περίοδοι κρίσεως και υφέσεως : πτυχιακή εργασία

Αποθηκεύτηκε σε:
Λεπτομέρειες βιβλιογραφικής εγγραφής
Κύριος συγγραφέας: Καρατράντος, Τριαντάφυλλος Β.
Άλλοι συγγραφείς: Τσάκωνας, Παναγιώτης Ι. (Εισηγητής διατριβής)
Μορφή: Thesis Βιβλίο
Γλώσσα:Greek
Δημοσίευση: Ρόδος : Πανεπιστήμιο Αιγαίου, Τμήμα Μεσογειακών Σπουδών, Κατεύθυνση Διεθνών Σχέσεων και Οργανισμών, 2004.
Θέματα:
Ετικέτες: Προσθήκη ετικέτας
Δεν υπάρχουν, Καταχωρήστε ετικέτα πρώτοι!

MARC

LEADER 00000cam a2200000 i 4500
001 1/89899
008 051123s2004 gre d
035 |l 10081440 
040 |a GR-MY-UA  |b gre  |e aacr 
041 0 |a gre 
082 7 |a 327.73   |2 (22) 
100 1 |a Καρατράντος, Τριαντάφυλλος Β. 
245 1 2 |a Ο ρόλος των Η.Π.Α. στις Ελληνοτουρκικές σχέσεις περίοδοι κρίσεως και υφέσεως :   |b πτυχιακή εργασία /   |c Καρατράντος Β. Τριαντάφυλλος ; Π.Ι.Τσάκωνας.  
260 |a Ρόδος :   |b Πανεπιστήμιο Αιγαίου, Τμήμα Μεσογειακών Σπουδών, Κατεύθυνση Διεθνών Σχέσεων και Οργανισμών,   |c 2004.  
300 |a [64] σ. : ;  |b εγχρ. εικ. ;   |c 30 εκ. 
502 |a Πτυχιακή εργασία – Πανεπιστήμιο Αιγαίου, Ρόδος, 2005. 
504 |a Περιέχει βιβλιογραφικές παραπομπές.  
610 2 0 |a University of the Aegean  |x Dissertations. 
650 0 0 |a Dissertations, Academic. 
651 0 |a United States  |x Foreign relations  |z Greece. 
651 0 |a United States  |x Foreign relations  |z Turkey. 
651 0 |a United States  |x History  |y 20th century. 
700 1 |4 ths  |a Τσάκωνας, Παναγιώτης Ι. 
852 |a INST  |b RHODES  |c DIATR  |e 20051123  |h 327.73 ΚΑΡ  |p 005400022092  |q 005400022092  |t DIE  |y 23 
852 |a INST  |b RHODES  |c DIATR  |e 20051123  |h 327.73 ΚΑΡ  |p 005400022093  |q 005400022093  |t DIE  |y 23 
901 |a BIBL4-2005-3 
909 |a Ρ  |b 122607 
909 |a Ρ  |b 122608 
924 |a ΚΑΡΑΤΡΑΝΤΟΣ  |b ΤΡΙΑΝΤΑΦΥΛΛΟΣ Β.  |y Ρόδος  |z 2004 
970 |a ΣΙΔΕΡΗ  |b ΝΕΚΤΑΡΙΑ  |z 2005/10/29